Meilleurs compteurs de National League ces 10 dernières années - Statistiques

Statistiques générales
  • Ce quiz a été pris 54 fois
  • Le résultat moyen est 20 sur 100
Statistiques - réponses
Indice Réponse % Correct
2 Julien Sprunger
72%
5 Denis Malgin
67%
3 Sven Andrighetto
67%
3 | 6 | 8 | 4 Chris DiDomenico
56%
1 Roman Cervenka
53%
3 | 5 | 1 Roman Cervenka
53%
2 Linus Omark
42%
6 Killian Mottet
36%
1 Pius Suter
36%
4 | 5 | 9 Toni Rajala
36%
3 | 4 Gregory Hofmann
33%
2 Henrik Tömmernes
31%
4 Enzo Corvi
28%
8 | 10 Harri Pesonen
28%
1 | 6 Jan Kovar
28%
9 Benjamin Plüss
22%
3 | 4 | 5 | 7 Lino Martschini
22%
6 Martin Plüss
22%
10 Auston Matthews
19%
1 Dominik Kubalik
19%
1 | 5 | 9 Dustin Jeffrey
19%
4 Tyler Moy
19%
5 Valtteri Filppula
19%
8 | 9 | 10 | 3 Daniel Winnik
17%
1 | 2 | 6 | 7 Mark Arcobello
17%
7 Michael Spacek
17%
1 | 2 | 8 Fredrik Pettersson
14%
3 | 5 Garrett Roe
14%
7 Jesper Olofsson
14%
8 Jonathan Ang
14%
8 Luca Fazzini
14%
8 | 9 Marc-Antoine Pouliot
14%
9 Miro Aaltonen
14%
10 Dario Simion
11%
9 Dominic Zwerger
11%
2 | 7 Linus Klasen
11%
9 | 10 Matt D'Agostini
11%
6 Andrew Ebbett
8%
3 | 5 Nicklas Danielsson
8%
4 Viktor Stålberg
8%
4 Cory Conacher
6%
9 Josh Holden
6%
7 Kevin Clark
6%
5 Luca Cunti
6%
8 Mathias Bromé
6%
3 Peter Mueller
6%
10 Raffaele Sannitz
6%
2 | 10 Roman Wick
6%
10 Alexandre Grenier
3%
7 Juha-Pekka Hytönen
3%
6 Marc Wieser
3%
1 Matthew Lombardi
3%
10 Patrick Thoresen
3%
1 | 3 Pierre-Marc Bouchard
3%
7 | 10 Robert Earl
3%
8 Tommi Santala
3%
6 Brett McLean
0%
9 Byron Ritchie
0%
8 David McIntyre
0%
6 Drew Shore
0%
4 Kaspars Daugavins
0%
2 Perttu Lindgren
0%
4 | 5 Robert Nilsson
0%
Aucun quiz correspondant
Distribution des résultats
% des personnes avec chaque résultat
Percentile par nombre de réponses
Votre historique - résultats
Vous n’avez pas pris ce quiz